000 00818nam a2200133Ia 4500
008 171212s9999 xx 000 0 und d
020 _a9780833078063
100 _aGordon IV, John;Wallace, Brett Andrew;Tremblay, Daniel;Hollywood, John
245 _cGordon IV, John;Wallace, Brett Andrew;Tremblay, Daniel;Hollywood, John
_aKeeping Law Enforcement Connected
_bInformation Technology Needs from State and Local Agencies
260 _bRAND Corporation
_c2012
650 _aLaw enforcement -- Information technology -- United States; Law enforcement -- United States -- Data processing; Criminal justice, Administration of -- Information technology -- United States; Criminal justice, Administration of -- United States -- Data p
650 _aPolitical Science
856 _uhttp://www.jstor.org/stable/10.7249/j.ctt5hhwb1
999 _c352252
_d352252